| 000 | 00453nam a2200193Ia 4500 | ||
|---|---|---|---|
| 005 | 20250423095852.0 | ||
| 008 | 250422s9999 xx 000 0 und d | ||
| 020 | _a0471590657 | ||
| 050 | _aHG 4521.J663/ | ||
| 100 | _aJones, Charles P. | ||
| 245 | 0 | _aInvestments : analysis management | |
| 250 | _a7th ed. | ||
| 260 | _aNew York | ||
| 260 | _bJohn Wiley and Sons | ||
| 260 | _c1993 | ||
| 300 | _a615 p | ||
| 650 | _aInvestments | ||
| 942 | _cBK | ||
| 999 |
_c31576 _d31576 |
||